| 000 | 01550nam0a22003131 4500 | ||
|---|---|---|---|
| 001 | GAK\3367054 | ||
| 005 | 20260406080623.0 | ||
| 010 |
_bВ пер. _d1 р. 10 к. _930000 |
||
| 021 |
_aRU _b83-30859 |
||
| 035 | _a(NLR Aleph) 011982766 | ||
| 090 |
_a11317004 _c11317004 |
||
| 100 | _a20190404d1983 |||y0rusy50 ca | ||
| 101 | 0 | _arus | |
| 102 | _aRU | ||
| 105 | _ay| z||||||a| | ||
| 200 | 1 |
_aПуть героя _eповести, очерки _fАнатолий Зябрев |
|
| 210 |
_aМосква _cСовременник _d1983 |
||
| 215 |
_a254 с. _d20 |
||
| 225 | 1 | _aНаш день | |
| 327 | 1 | _aСодерж.: Повести: Комплекс ; Поездка на Саяно-Шушенскую ; очерки: Встреча в Абакане ; А завтра будет легче... ; Такая линия ; Опять в Усть-Илимске | |
| 464 | 0 |
_12001#$aКомплекс$eповесть$aПоездка на Саяно-Шушенскую$eповесть _tПоездка на Саяно-Шушенскую |
|
| 464 | 0 |
_12001#$aВстреча в Абакане$aА завтра будет легче...$aТакая линия$aОпять в Усть-Илимске$eочерки _tОпять в Усть-Илимске |
|
| 686 | 0 |
_aШ6(2=Р)75я44 _2rubbk |
|
| 700 | 1 |
_4070 _7ca _8rus _aЗябрев _bА. Е. _f1926-2021 _gАнатолий Ефимович _3RU\NLR\AUTH\770213516 _9213460 |
|
| 801 | 0 |
_aRU _bNLR _c20190404 _gpsbo |
|
| 801 | 1 |
_aRU _bNLR _c20190404 _2rusmarc |
|
| 852 |
_aNLR _j83-3/8066 |
||
| 942 | _cBOOK | ||
| 980 | _aNB | ||